Communicating with Informal Sector Clients: A study of Strategies Employed by Ghana Commercial Bank and Unibank Ghana Limited (Record no. 299986)
[ view plain ]
| 000 -LEADER | |
|---|---|
| fixed length control field | 00498nam a2200133Ia 4500 |
| 008 - FIXED-LENGTH DATA ELEMENTS--GENERAL INFORMATION | |
| fixed length control field | 160809s9999 xx 000 0 und d |
| 100 ## - MAIN ENTRY--PERSONAL NAME | |
| Personal name | Duncan, Denise D. |
| 245 ## - TITLE STATEMENT | |
| Title | Communicating with Informal Sector Clients: A study of Strategies Employed by Ghana Commercial Bank and Unibank Ghana Limited |
| 245 ## - TITLE STATEMENT | |
| Statement of responsibility, etc | Denise D. Duncan. |
| 260 ## - PUBLICATION, DISTRIBUTION, ETC. (IMPRINT) | |
| Name of publisher, distributor, etc | Studies in Media and Communication |
| 260 ## - PUBLICATION, DISTRIBUTION, ETC. (IMPRINT) | |
| Date of publication, distribution, etc | June 2016 |
| 650 ## - SUBJECT ADDED ENTRY--TOPICAL TERM | |
| General subdivision | COMMUNICATION |
| 856 ## - ELECTRONIC LOCATION AND ACCESS | |
| Uniform Resource Identifier | <a href="http://redfame.com/journal/index.php/smc/issue/view/62">http://redfame.com/journal/index.php/smc/issue/view/62</a> |
| Withdrawn status | Lost status | Damaged status | Home library | Current library | Date acquired | Total Checkouts | Date last seen | Price effective from | Koha item type |
|---|---|---|---|---|---|---|---|---|---|
| College Library | College Library | 08/09/2016 | 08/09/2016 | 08/09/2016 | Foreign e-journal articles |